000 01099nam a22002537a 4500
999 _c1372
_d1372
003 AR-CdUCM
008 190226b ||||| |||| 00| 0 spa d
040 _aMUNICIPALIDAD PROVINCIAL DEL CUSCO
_cBIBLIOTECA MUNICIPAL DEL CUSCO
041 _heng
082 _a330.9 /
_bH22
100 _aHardt, John P.
_95242
245 _aLos efectos económicos de la guerra fría :
_bla hegemonía americana en peligro? /
260 _aBilbao - España :
_bDeusto,
_c1963.
300 _a120 páginas ;
_bgráficos,
_c22 cm.
505 _aContenido: La aparición del distanciamiento económico en la Guerra Fría -- prioridades y ritmo de expansión Soviética en el futuro -- la amenaza del distanciamiento económico -- la supremacía Soviética -- alternativas de la guerra fría para los Estados Unidos ...
650 _aEconomía
_9382
650 _aEstados Unidos
_91805
650 _aGuerra Fría
_95243
700 _aStolzenbach, C. Darwin
_95244
700 _aKohn, Martin J. (colaboradores)
_95245
700 _aMontañés, Enrique Más (traducción)
_95246
942 _2ddc
_cLIBROS
945 _aachl